عرض عادي
عرض مارك
- Esophageal Neoplasms
مدخل مصطلح موضوعي
001 - رقم الضبط
- حقل الضبط: 15880
003 - معرف رقم الضبط
- حقل الضبط: OSt
005 - تاريخ ووقت أخر عملية
- حقل الضبط: 20120623103518.0
008 - عناصر بيانات ثابتة الطول
- حقل تحكم ثابت الطول: 120623|||a|||||| | ||| d
040 ## - مصدر الفهرسة
- هيئة الفهرسة الأصلية: OSt
- وكالة الكتابة: OSt
150 ## - مدخل-- مصطلح تاريخي
- عنصر مدخل المصطلح الموضوعي او الاسم الجغرافي: Esophageal Neoplasms
- تفريع عام: surgery
670 ## - بيانات المصدر موجوده
- الاستشهاد بالمصدر: Work cat.: (OSt)0: Puntambekar, Shailesh. 15879, Atlas of minimally invasive surgery in esophageal carcinoma, 2010.
